00349nam a2200109Ia 4500008004100000082000800041100001600049245005600065942000600121952009700127999001500224240331s9999 xx 000 0 und d bLOC aLynes,K. ed 0aFrom local to global :bmaking peace work for women cL 001040708LaWERCLbWERCLcSSCd2024-03-31l0o 303.6 LOCp6424r2024-03-31w2024-03-31yL c1340d1340